UM Logo
Normal view MARC view
  • EDUCATION / Teaching Methods & Materials / Reading & Phonics.

Entry Topical Term

Number of records used in: 1

001 - CONTROL NUMBER

  • control field: 44446

003 - CONTROL NUMBER IDENTIFIER

  • control field: OSt

005 - DATE AND TIME OF LATEST TRANSACTION

  • control field: 20220303163350.0

008 - FIXED-LENGTH DATA ELEMENTS

  • fixed length control field: 220303|| aca||aabn | a|a d

040 ## - CATALOGING SOURCE

  • Original cataloging agency: OSt
  • Transcribing agency: OSt

150 ## - HEADING--TOPICAL TERM

  • Topical term or geographic name entry element: EDUCATION / Teaching Methods & Materials / Reading & Phonics.

670 ## - SOURCE DATA FOUND

  • Source citation: Work cat.: (OSt)0: Kaufman, Lester, 1948- author. 44441, The blue book of grammar and punctuation :, ©2021.